[Event "Roskilde Domkirketurnering Mester 1994"]
[Site "Roskilde"]
[Date "1994.12.01"]
[Round "6"]
[White "Asmund, Gert"]
[Black "Nielsen, Jorgen Lovgren"]
[Result "0-1"]
[WhiteElo "2038"]
[BlackElo "2081"]
[PlyCount "86"]
[EventDate "1994.??.??"]

1. d4 f5 2. c4 Nf6 3. Nc3 g6 4. Nf3 Bg7 5. e3 O-O 6. Bd3 d6 7. O-O c6 8. Qb3
Qc7 9. Re1 Kh8 10. Bd2 e5 11. dxe5 dxe5 12. e4 Na6 13. Qa3 Rd8 14. Bg5 f4 15.
Rad1 Be6 16. b4 h6 17. Bxf6 Bxf6 18. Qb2 g5 19. Bf1 g4 20. Nd2 Qb6 21. a3 Bh4
22. c5 Bxf2+ 23. Kh1 Qc7 24. Nc4 Bxe1 25. Rxe1 Bxc4 26. Bxc4 Rd4 27. Bb3 Rad8
28. Qf2 Qe7 29. Nd1 Rd2 30. Qf1 R8d3 31. Bc4 Rxa3 32. Nf2 Qh4 33. Nd3 Raxd3 34.
Bxd3 Rxd3 35. g3 Qd8 36. gxf4 Nxb4 37. fxe5 Rf3 38. Qg2 Nd3 39. Rf1 Nxe5 40.
Rb1 Qd4 41. Qc2 Nd3 42. Rxb7 Rf1+ 43. Kg2 Rg1# 0-1

[Event "Roskilde Domkirketurnering Mester 1994"]
[Site "Roskilde"]
[Date "1994.12.01"]
[Round "6"]
[White "Brinck Claussen, Bjorn"]
[Black "Pedersen, Hans Dahl"]
[Result "1-0"]
[WhiteElo "2320"]
[BlackElo "2187"]
[PlyCount "53"]
[EventDate "1994.??.??"]

1. e4 c6 2. d4 d5 3. e5 Bf5 4. Nc3 e6 5. g4 Bg6 6. Nge2 c5 7. h4 h6 8. Be3 Nc6
9. dxc5 Nxe5 10. Nf4 d4 11. Bb5+ Ke7 12. Ncd5+ exd5 13. Bxd4 Be4 14. Bxe5 Qa5+
15. Bc3 Qxb5 16. f3 Qxc5 17. Qd2 Ke8 18. fxe4 Nf6 19. Bxf6 gxf6 20. Nxd5 Be7
21. O-O-O Rd8 22. Rh3 h5 23. Qe2 Qc8 24. Rg3 hxg4 25. Rc3 Qb8 26. Qxg4 Rd7 27.
Nxf6+ 1-0

[Event "Roskilde Domkirketurnering Mester 1994"]
[Site "Roskilde"]
[Date "1994.12.01"]
[Round "6"]
[White "Hove, Esben Kjems"]
[Black "Petersen, Peter Birk"]
[Result "0-1"]
[WhiteElo "2312"]
[BlackElo "2237"]
[PlyCount "40"]
[EventDate "1994.??.??"]

1. d4 Nf6 2. c4 e6 3. Nc3 Bb4 4. Qc2 c5 5. dxc5 Bxc5 6. a3 Nc6 7. b4 Be7 8. Nf3
b6 9. Bb2 Bb7 10. Rd1 Rc8 11. e4 Qc7 12. Nb5 Qf4 13. e5 Nxb4 14. axb4 Bxf3 15.
gxf3 Bxb4+ 16. Bc3 Qxe5+ 17. Be2 Bxc3+ 18. Nxc3 Rxc4 19. Rd3 Nd5 20. f4 Rxc3
0-1

[Event "Roskilde Domkirketurnering Mester 1994"]
[Site "Roskilde"]
[Date "1994.12.01"]
[Round "6"]
[White "Larsen, Allan Oksenbol"]
[Black "Lynge, Michael"]
[Result "1-0"]
[WhiteElo "1934"]
[BlackElo "2104"]
[PlyCount "103"]
[EventDate "1994.??.??"]

1. e4 e6 2. d4 d5 3. Nd2 Nf6 4. e5 Nfd7 5. Bd3 c5 6. c3 Nc6 7. Ne2 Qb6 8. Nf3
cxd4 9. cxd4 f6 10. exf6 Nxf6 11. O-O Bd6 12. b3 O-O 13. Bb2 Bd7 14. Rc1 Rae8
15. Bb1 e5 16. Rxc6 bxc6 17. dxe5 Be7 18. exf6 Bxf6 19. Bxf6 Rxf6 20. Ng3 g6
21. Qd3 Bc8 22. Qc3 Ref8 23. Bd3 Bg4 24. Be2 h5 25. Qd3 Qb4 26. Nd4 Bc8 27. Bf3
Ba6 28. Qxa6 Qxd4 29. Qe2 h4 30. Rd1 Qf4 31. Nh1 Qg5 32. Qe3 Qf5 33. h3 Re6 34.
Qd2 Qf6 35. Bg4 Re5 36. f3 Rfe8 37. f4 Re3 38. Rf1 R8e7 39. Nf2 Qd6 40. Nd1
R3e4 41. f5 gxf5 42. Qg5+ Rg7 43. Qxf5 Re8 44. Nf2 Qc5 45. Qh5 Ree7 46. Qxh4 d4
47. Qh6 Qe5 48. Qxc6 Qe3 49. Qd5+ Kh8 50. Qf3 Qh6 51. Qf8+ Kh7 52. Bf5+ 1-0

[Event "Roskilde Domkirketurnering Mester 1994"]
[Site "Roskilde"]
[Date "1994.12.01"]
[Round "6"]
[White "Toth, Laszlo"]
[Black "Pedersen, Jan Nordenbaek"]
[Result "0-1"]
[WhiteElo "2265"]
[BlackElo "2221"]
[PlyCount "58"]
[EventDate "1994.??.??"]

1. e4 e5 2. f4 d5 3. exd5 exf4 4. Nf3 Nf6 5. c4 c6 6. dxc6 Nxc6 7. a3 Bc5 8. b4
Bd4 9. Ra2 O-O 10. d3 Re8+ 11. Re2 Ng4 12. Rxe8+ Qxe8+ 13. Be2 Bf5 14. Nxd4
Nxd4 15. Bxf4 Nxe2 16. Qxe2 Bxd3 17. Qxe8+ Rxe8+ 18. Kd2 Bxc4 19. Re1 Rd8+ 20.
Kc3 Be6 21. Nd2 Nf6 22. Bg3 Rc8+ 23. Kb2 Nd5 24. Ne4 h6 25. Bh4 Nf4 26. Rg1
Nd3+ 27. Ka1 Rc4 28. Nf2 Nxb4 29. Be7 Nd5 0-1

[Event "Roskilde Domkirketurnering Mester 1994"]
[Site "Roskilde"]
[Date "1994.12.08"]
[Round "7"]
[White "Asmund, Gert"]
[Black "Petersen, Peter Birk"]
[Result "1/2-1/2"]
[WhiteElo "2038"]
[BlackElo "2237"]
[PlyCount "140"]
[EventDate "1994.??.??"]

1. e4 c5 2. Nf3 e6 3. d4 cxd4 4. Nxd4 Nc6 5. Nc3 Qc7 6. Be2 a6 7. Be3 Nf6 8.
Nb3 Bb4 9. f3 d5 10. O-O O-O 11. exd5 Bxc3 12. d6 Qd8 13. bxc3 Nd5 14. Bf2 Nxc3
15. Qd2 Qf6 16. Kh1 Nxe2 17. Qxe2 Rd8 18. Rad1 e5 19. Qd2 Nd4 20. Bxd4 exd4 21.
Qxd4 Qxd4 22. Rxd4 b6 23. Rfd1 Be6 24. Kg1 Rac8 25. R1d2 Rc4 26. Rxc4 Bxc4 27.
Kf2 Kf8 28. Ke3 Ke8 29. Rd4 Be6 30. a3 Rc8 31. Kd2 Rc6 32. Nc1 Kd7 33. Nd3 Rxd6
34. Kc3 Kc7 35. Rxd6 Kxd6 36. Kd4 Bf5 37. Ne1 Kc6 38. c4 b5 39. f4 f6 40. Nf3
a5 41. Kc3 Bd7 42. Nd4+ Kb6 43. cxb5 Bxb5 44. Ne6 Kc6 45. Kd4 g6 46. Nf8 Kd6
47. Nxh7 Ke6 48. g4 Be2 49. g5 fxg5 50. Nxg5+ Kf5 51. Ke3 Bd1 52. Ne4 Bc2 53.
Nf2 g5 54. fxg5 Kxg5 55. Kd2 Bf5 56. Kc3 Kf4 57. Nd3+ Kf3 58. Nc5 Kg2 59. Nb3
Kxh2 60. Nxa5 Kg3 61. Nb7 Kf4 62. a4 Ke5 63. Kc4 Be4 64. Nc5 Bc6 65. a5 Kd6 66.
Kb4 Kc7 67. Ne6+ Kd6 68. Nd4 Kc7 69. Kc5 Bg2 70. Ne6+ Kb7 1/2-1/2

[Event "Roskilde Domkirketurnering Mester 1994"]
[Site "Roskilde"]
[Date "1994.12.08"]
[Round "7"]
[White "Larsen, Allan Oksenbol"]
[Black "Hove, Esben Kjems"]
[Result "1/2-1/2"]
[WhiteElo "1934"]
[BlackElo "2312"]
[PlyCount "59"]
[EventDate "1994.??.??"]

1. e4 c6 2. d4 d5 3. exd5 cxd5 4. c4 Nf6 5. Nc3 dxc4 6. Bxc4 a6 7. Nf3 b5 8.
Bb3 Bb7 9. Ne5 e6 10. Qe2 Bd5 11. Nxd5 Nxd5 12. O-O Be7 13. a4 b4 14. Bd2 O-O
15. Rac1 Ra7 16. Rfe1 Bd6 17. Rc2 Qh4 18. Nf3 Qh5 19. g3 Rc7 20. Rec1 Rfc8 21.
Rxc7 Rxc7 22. Rxc7 Nxc7 23. Qd3 Nc6 24. Qe4 Na5 25. Bf4 Bxf4 26. Qxf4 Nxb3 27.
Qxc7 g6 28. Ne5 Qf5 29. Qb8+ Kg7 30. Qxb4 1/2-1/2

[Event "Roskilde Domkirketurnering Mester 1994"]
[Site "Roskilde"]
[Date "1994.12.08"]
[Round "7"]
[White "Larsen, Steen Skovlund"]
[Black "Nielsen, Jorgen Lovgren"]
[Result "1/2-1/2"]
[WhiteElo "2317"]
[BlackElo "2081"]
[PlyCount "60"]
[EventDate "1994.??.??"]

1. d4 f5 2. Nc3 Nf6 3. Bg5 d5 4. Bxf6 exf6 5. e3 c6 6. Bd3 Be6 7. Qf3 g6 8. h3
Nd7 9. g4 fxg4 10. hxg4 Bf7 11. Nge2 Qb6 12. O-O-O O-O-O 13. Rh3 Bg7 14. Kb1
Qc7 15. Qh1 h6 16. Nf4 Nf8 17. Nce2 Re8 18. Qg2 Kb8 19. Rc1 Rd8 20. c4 dxc4 21.
Bxc4 Bxc4 22. Rxc4 Qf7 23. Rc2 g5 24. Nd3 Ne6 25. Ng3 Bf8 26. Rh1 Ng7 27. Qf3
Be7 28. Nc5 Qd5 29. Qxd5 Rxd5 30. Nb3 f5 1/2-1/2

[Event "Roskilde Domkirketurnering Mester 1994"]
[Site "Roskilde"]
[Date "1994.12.08"]
[Round "7"]
[White "Lynge, Michael"]
[Black "Toth, Laszlo"]
[Result "0-1"]
[WhiteElo "2104"]
[BlackElo "2265"]
[PlyCount "44"]
[EventDate "1994.??.??"]

1. d4 Nf6 2. c4 c5 3. d5 e6 4. Nc3 exd5 5. cxd5 d6 6. e4 g6 7. f4 Bg7 8. Nf3
O-O 9. Be2 Re8 10. e5 dxe5 11. fxe5 Ng4 12. Bg5 Qb6 13. O-O Nd7 14. d6 c4+ 15.
Kh1 Ndxe5 16. Nd5 Nf2+ 17. Rxf2 Qxf2 18. Nxe5 Rxe5 19. Ne7+ Kh8 20. Nxc8 Rxe2
21. Qxe2 Qxe2 22. d7 Qd3 0-1